000 00893nmm a2200277 a 4500
003 AR-BaBNM
005 20251128211831.0
008 106120s2001 ||||||||||||||000 | spa||
020 _a987-43-1576-8
040 _cAR-BaBNM
100 1 _aEcharri, Fabio Javier
245 1 0 _aNapalpí
_bla verdad histórica
260 _aResistencia
_bFabio Javier Echarri
_c2001
300 0 _a137 p.
500 0 _a'El presente trabajo de investigación histórica fue presentado al Concurso Premio Provincia del Chaco a la obra histórica Monseñor José Alumni 2000'
500 0 _aEl ejemplar carece de portada
500 0 _aDonación Fainholc
504 _aContiene referencias bibliográficas
650 4 _aHISTORIA CHAQUENA
650 4 _aHISTORIA PROVINCIAL ARGENTINA
650 4 _aPOBLACIONES ABORIGENES
651 4 _aChaco
653 0 _aSUBLEVACIONES
942 _cBK
998 _cNancy
999 _c21305
_d21305